00581nam a22001697a 450000500170000001000130001702000130003003500130004303700090005608200110006510000290007624501000010524600680020526000470027327000700032030000210039020191230131058.0 aA-645052 c20.00a- aA-645052 bBPPD a843.08 aو ہا ب ا شر فی  aر ا جند ر سنگھ بيد ی کی ا فسا نہ نگا ر ی cو ہا ب ا شر فی  aRajinder Singh Bedi Ki Afsana Nigari (Urdu)bby Wahab Ashrafi  a-c1994 ء bEducational Publishing House  a3108,Gali Azizuddin,Kucha Pandit,Lal KuanbDelhi k526162e110006 a87 صc22 cm(hb)